000 00602nam a2200193Ia 4500
005 20260114185612.0
008 008 260114s9999 xx 000 0 eng d
020 _a9798216035060
037 _aEBOOK
040 _aCRL
_beng
_cCRL
041 _aeng
_2eng
084 _qCRL
100 _aErica J. Ryan
_9872080
245 0 _aWhen the World Broke in Two The Roaring Twenties and the Dawn of America's Culture Wars
260 _bBloomsbury
_c2018
856 _uhttps://doi.org/10.5040/9798216035060?locatt=label:secondary_bloomsburyCollections
942 _cEBOOK
999 _c1471028
_d1471028